000 00673nam a22002417a 4500
003 UA-OsUOA
001 59579
007 ta
008 20090406b un ||||| |||| 00| 0 ukr d
100 _aГоловко Н. І.
090 _a37.02:34(075.8)
_bГ61
942 _cBK
040 _aUA-OsUOA
_bukr
_cUA-OsUOA
_dUA-OsUOA
245 _aПравова педагогіка
_bНавчальний посібник
300 _a248 с.
955 _a2
041 _aukr
080 _a37.02:34(075.8)
020 _a978-966-608-744-0
260 _aК.
_bМАУП
_c2007
650 7 _a37.0 Основні види та принципи освіти
_2UDC
999 _c345588
_d345588